00350nam a2200133Ia 4500008004100000020001500041041001200056082001600068100001300084245005900097260003700156300000800193650001500201221030s9999 xx 000 0 und d a8176292877 aEnglish a105.23bSin aN. Singh 0aOrganizational Behaviour Concepts : Theory & Practices bDeep & Deep PubaNew Delhic2003 a950 aManagement